000 00704nam a22001697a 4500
008 110426t xxu||||| |||| 00| 0 eng d
020 _a8175341456
082 _a347.077 PAT
245 _aKerr on Injunctions :
_c J. M.Paterson /
250 _a6th ed.
260 _aIndia.
_bUniversal Law Publishing Co.
_c2008.
300 _aIxi, 743p.;
_c24 cm.
942 _2ddc
_cBK
999 _c620
_d620